01820nam a2200397 a 450000100060000000300080000600500170001400600190003100700150005000800410006502400100010603500230011603500240013903500250016303500210018804000260020905000220023508000080025708200120026510000310027724501860030826000490049430000110054350001340055452002580068853301640094665000400111065000360115065000390118665000370122565500270126270000350128971000190132485600620134399900170140550645FlNmELB20241216232237.0m o d | cr cn|||||||||201201r2012 cu |||||s|||||||||||spa d8 zTesis a(MiAaPQ)EBC3200999 a(Au-PeEL)EBL3200999 a(CaPaEBR)ebr10584288 a(OCoLC)929370031 aFlNmELBbspacFlNmELB 4aLA173bM8283 2012 a37804a3782221 aMorales Águila, Antonio.10aPruebas específicas para el control del desarrollo de los procesos cognoscitivos del esgrimista-floretista escolar cubano (14-16)h[recurso electronico]cAntonio Morales Águila. aLa Habana :bEditorial Universitaria,c2012. a104 p. aTesis (doctorado) - Instituto Superior de Cultura Física, "Manuel Fajardo Rivero", Facultad de Cultura Física de Villa Clara. aSe expone un estudio realizado en ocho provincias seleccionadas del país, el cual permitió elaborar y validar un conjunto de pruebas específicas para el control del desarrollo de los procesos cognoscitivos de los esgrimistas floretistas escolares. aRecurso electrónico. Santa Fe, Arg.: e-libro, 2015. Disponible vía World Wide Web. El acceso puede estar limitado para las bibliotecas afiliadas a e-libro. 4aEducación.xEducación física. 4aEducation.xPhysical education. 4aDeportes y Recreación.xGeneral. 4aSports and Recreation.xGeneral. 4aLibros electrónicos.1 aMartínez Rangel, Osmel.4drt2 ae-libro, Corp.40uhttps://elibro.net/ereader/politecnicointernacional/90365 c50645d50645